000 00629nam a22002297a 4500
003 UA-OsUOA
001 92954
007 ta
008 20130103b un ||||| |||| 00| 0 ukr d
100 _aБергельсон Д.
090 _a821.411.16
_bБ48
942 _cBK
040 _aUA-OsUOA
_brus
_cUA-OsUOA
_dUA-OsUOA
245 _aНа Днепре
_bроман, рассказы
300 _a541 с.
955 _a3
041 _arus
080 _a821.411.16
260 _aМ.
_bСоветский писатель
_c1983
650 7 _a82 Література. Літературознавство
_2UDC
999 _c378893
_d378893